| 000 | 00723nam a2200241 a 4500 | ||
|---|---|---|---|
| 008 | |||
| 020 | _z0697032764 (pbk.) | ||
| 049 | _aMAIN | ||
| 090 | _aQA76.73.B3 | ||
| 100 | 1 | _aBradley, Julia Case. | |
| 245 | 1 | 0 |
_aMicrosoft BASIC using modular structure / _cJulia Case Bradley. |
| 250 | _a2nd ed. | ||
| 260 |
_aDubuque, Iowa : _bWm. C. Brown Publishers, _cc1988. |
||
| 300 |
_axvii, 524 p. : _bcol. ill. ; _c28 cm. |
||
| 500 | _aIncludes index. | ||
| 650 | 0 | _aBASIC (Computer program language). | |
| 650 | 0 | _aModular programming. | |
| 907 |
_a.b10011778 _b15-09-03 _c17-04-03 |
||
| 003 | |||
| 005 | 20230123133125.0 | ||
| 040 | _cNUST | ||
| 942 |
_cBOOKS _kQA76.73.B3 |
||
| 999 |
_c143145 _d143145 |
||